Political theory and practice (Record no. 227168)
[ view plain ]
| 000 -LEADER | |
|---|---|
| fixed length control field | 00667nam a22002417a 4500 |
| 005 - DATE AND TIME OF LATEST TRANSACTION | |
| control field | 20230411160645.0 |
| 008 - FIXED-LENGTH DATA ELEMENTS--GENERAL INFORMATION | |
| fixed length control field | 230411b ||||| |||| 00| 0 eng d |
| 040 ## - CATALOGING SOURCE | |
| Transcribing agency | AL |
| 041 ## - LANGUAGE CODE | |
| Language code of text/sound track or separate title | eng |
| 082 ## - DEWEY DECIMAL CLASSIFICATION NUMBER | |
| Classification number | 320/258 |
| Item number | RAMP |
| 100 ## - MAIN ENTRY--PERSONAL NAME | |
| Personal name | H T Ramakrishna |
| 100 ## - MAIN ENTRY--PERSONAL NAME | |
| 9 (RLIN) | 86446 |
| 245 ## - TITLE STATEMENT | |
| Title | Political theory and practice |
| 260 ## - PUBLICATION, DISTRIBUTION, ETC. | |
| Place of publication, distribution, etc. | Mysore |
| Name of publisher, distributor, etc. | Lalitha Prakashana |
| Date of publication, distribution, etc. | 2000 |
| 300 ## - PHYSICAL DESCRIPTION | |
| Extent | iv,192p. |
| Other physical details | PB |
| Dimensions | 21x14cm. |
| 365 ## - TRADE PRICE | |
| Source of price type code | Political Science |
| 650 ## - SUBJECT ADDED ENTRY--TOPICAL TERM | |
| Topical term or geographic name entry element | Citizenship |
| 9 (RLIN) | 86447 |
| 650 ## - SUBJECT ADDED ENTRY--TOPICAL TERM | |
| Topical term or geographic name entry element | Political Theories |
| 9 (RLIN) | 86448 |
| 650 ## - SUBJECT ADDED ENTRY--TOPICAL TERM | |
| Topical term or geographic name entry element | Party System |
| 9 (RLIN) | 86449 |
| 650 ## - SUBJECT ADDED ENTRY--TOPICAL TERM | |
| Topical term or geographic name entry element | Nationalism |
| 9 (RLIN) | 86450 |
| 700 ## - ADDED ENTRY--PERSONAL NAME | |
| Personal name | RAMAKRISHNA (H T) |
| 9 (RLIN) | 86451 |
| 700 ## - ADDED ENTRY--PERSONAL NAME | |
| Personal name | RAJEEV (M R) Ed |
| 9 (RLIN) | 86452 |
| 942 ## - ADDED ENTRY ELEMENTS (KOHA) | |
| Source of classification or shelving scheme | Dewey Decimal Classification |
| Koha item type | Donated Books |
| Withdrawn status | Lost status | Source of classification or shelving scheme | Damaged status | Not for loan | Collection code | Home library | Current library | Shelving location | Date acquired | Total Checkouts | Full call number | Barcode | Date last seen | Price effective from | Koha item type |
|---|---|---|---|---|---|---|---|---|---|---|---|---|---|---|---|
| Dewey Decimal Classification | Political Science | St Aloysius Library | St Aloysius Library | UGC Book Bank | 07/11/2000 | 320/258 RAMP | D01954 | 04/11/2023 | 04/11/2023 | Donated Books | |||||
| Dewey Decimal Classification | Political Science | St Aloysius Library | St Aloysius Library | UGC Book Bank | 07/11/2000 | 320/257 RAMP | D01953 | 04/11/2023 | 04/11/2023 | Donated Books | |||||
| Dewey Decimal Classification | Political Science | St Aloysius Library | St Aloysius Library | UGC Book Bank | 07/11/2000 | 320/256 RAMP | D01952 | 04/11/2023 | 04/11/2023 | Donated Books | |||||
| Dewey Decimal Classification | Political Science | St Aloysius Library | St Aloysius Library | UGC Book Bank | 07/11/2000 | 320/255 RAMP | D01951 | 04/11/2023 | 04/11/2023 | Donated Books |